Zona militar de costas y fronteras : disposiciones relativas a su organización disposiciones relativas a su organización
Descripción Física:
26 p., 1 map. plegat ; 20 cm
Otros Autores:
Espanya. Ministerio de la Guerra
MARC
| LEADER | 00000nam a2200000Ia 4500 | ||
|---|---|---|---|
| 001 | 22855 | ||
| 008 | 160829s1918 xx 000 0 cat d | ||
| 080 | |a RF-16-17 | ||
| 245 | |a Zona militar de costas y fronteras : |b disposiciones relativas a su organización | ||
| 260 | |a Madrid : |b Ministerio de la Guerra, Talleres del depósito de la guerra, |c 1918 | ||
| 300 | |a 26 p., 1 map. plegat ; |c 20 cm | ||
| 590 | |a Prové de 3226 | ||
| 650 | |a Defenses costaneres |x Espanya |9 47844 | ||
| 650 | |a Espanya |x Aspectes estratègics |9 47845 | ||
| 650 | |a Planificació militar |x Espanya |9 47846 | ||
| 700 | |a Espanya. Ministerio de la Guerra |9 47847 | ||
| 856 | 4 | |u https://media.diba.cat/diba/fitxers/arxiu/fulletons/bib_22855_1918_baixa.pdf |y Accés lliure | |
| 856 | 4 | |u https://media.diba.cat/diba/fitxers/arxiu/fulletons/bib_22855_1918_baixa.pdf |y Accés lliure | |
| 901 | |a Arxiu | ||
| 942 | |n 1 |2 udc | ||
| 952 | |0 0 |1 0 |4 0 |6 RF1617 |7 1 |9 54152 |a Arxiu |b Arxiu |d 2016-12-01 |l 0 |o RF-16-17 |p 22855 |r 2016-12-01 00:00:00 |w 2016-12-01 |y ARXIU | ||
| 999 | |c 58021 |d 58021 | ||
| 900 | |a bib_22855_1918_baixa.pdf | ||